000 00697nam a22001815i 4500
001 155218
003 ES-MaACL
005 20260329063015.0
008 970226s1872 fr |||| | fre d
040 _aGA
_bspa
_cCCPB | SIC
100 1 _aHeiss, Aloïss,
_dn. 1820
_9127837
245 1 0 _aDescription générale des monnaies des Rois Wisigoths d'Espagne /
_cpar Aloiss Heiss...
260 _aParis :
_b[s.n.],
_c1872 (
_fImprimé par autorisation de M. Le Garbe del sceaux á limprimerie Nationale)
300 _aIII, 185 p., XIII h. de lám. ;
_c32 cm.
650 4 _aMonedas visigodas.
_9136611
852 _aES-MaACL
_jB-3829
_z-- Enc. hol.
999 _c155218
_d155218